000 00503nam a2200181Ia 4500
003 GCL
008 140319s9999 xx 000 0 ara d
040 _aGCL /
_cGCL
082 0 4 _a869
_bا غ
100 1 _aامادو، جورج
245 1 0 _aغابرييلا: قرنفل و قرنفلة /
_cامادو، جورج
700 1 _aعوض شعبان (ترجمة)
300 _a573 ص
490 _a
650 0 4 _aالادب
650 0 4 _aالادب البرتغالى المترجم
942 _2ddc
_cBK
999 _c40508
_d40508